000 01247 a2200265 4500
003 Nust
005 20230124093920.0
010 _a 81014797
020 _a0471099104
040 _cNust
082 0 0 _a384,COM
245 0 0 _aCommunications in the twenty-first century /
_cedited by Robert W. Haigh, George Gerbner, Richard B. Byrne.
260 _aNew York :
_bWiley,
_cc1981.
300 _axviii, 240 p. :
_bill. ;
_c24 cm.
505 _aSection one -Politics and Public Policy (Page-11), Section Two- The Writing on the Wall (Page-18), section Three- Interaction ; The Heart of the Matter (Page-69), Section Four- Strategies for management (Page-103), Section Five – International perspective (Page-155).
650 0 _aCommunication
_xCongresses.
_9107494
650 0 _aTelecommunication
_xCongresses.
_9107495
700 1 _aByrne, Richard B.
_9107496
700 1 _aGerbner, George.
_9107497
700 1 _aHaigh, Robert William,
_d1926-
_9107498
710 2 _aAnnenberg School of Communications (University of Pennsylvania)
_9107499
710 2 _aAnnenberg School of Communications (University of Southern California)
_9107500
710 2 _aColgate Darden Graduate School of Business Administration.
_9107501
942 _2ddc
_cBK
_k384,COM
999 _c185897
_d185897